000
00313nam a22001337a 4500
020
_q
PB.
040
_c
FIZZA ISHAQ
082
_a
001.4226
_b
RIC
100
_a
BRATH,RICHARD.
_9
91590
245
_a
VISUALIZING WITH TEXT /
_c
RICHARD BRATH.
260
_a
CRC PRESS ;
_c
2021.
300
_a
268 P. ;
942
_2
ddc
_c
BK
999
_c
589719
_d
589719